Le titre se trouve dans les paroles - Statistiques

Statistiques générales
  • Ce quiz a été pris 311 fois
  • Le résultat moyen est 36 sur 55
Statistiques - réponses
Réponse Paroles Indice % Correct
J’ai demandé à la lune _____________________________ , et le soleil ne le sait pas Indochine
95%
La vie en rose Quand il me prend dans ses bras, Il me parletout bas. Je vois ____________ Edith piaf
93%
Pas là Mais t'es _______, mais t'es où ? ______Mais t'es ______, mais t'es où ? _____ Vianney
93%
Basique Simple, __________ Vous n'avez pas les bases Orelsan
92%
Je veux _________ d'l'amour, d'la joie, de la bonne humeurC'n'est pas votre argent qui fera mon bonheur Zaz
92%
Jour 1 C'est le _________ , celui qu'on retientCelui qui s'efface quand tu me remplaces Louane
92%
Djadja Y'a pas moyen ______ J'suis pas ta catin ______genre, en catchana baby tu dead ça Aya nakamura
91%
Alors on danse Alors on sort pour oublier tous les problèmes,_____________________ Stromae
90%
Dommage Ah c'est ______________, ah c'est ______________C'est p't'être la dernière fois Bigflo et oli
87%
toi plus moi ____, _________, plus eux, plus tous ceux qui le veulentPlus lui, plus elle, et tous ceux qui sont seuls Grégoire
85%
Balance ton quoi Même si tu parles mal des fillesJe sais qu'au fond t'as compris ________________________________, un jour peut-être ça changera Angèle
84%
Il jouait du piano debout ____________________________________, C'est peut-être un détail pour vous France gall
83%
Pour que tu m’aimes encore Dans les froids dans les flammesJe te jetterai des sorts, ______________________________ Céline dion
78%
Philosophie Je n’ai qu’une ________________ être accepté comme je suis malgré tout ce qu’on me dit je reste le point levé Amel bent
77%
En apesanteur Ah, ah ah ah, _____________Ah, ah ah ah, pourvu qu'on soit les seuls dans cet ascenseur Calogero
75%
Encore et encore Et ça continue, _________________________C'est que le début, d'accord, d'accord Francis cabrel
75%
En feu J’suis chaud, j’suis chaud, j’suis chaud, j’suis __________, commeZinedine Zidane face a l’équipe du brézil, j’suis ________ Soprano
75%
Je suis un homme ______________________ de cro-magnon, je suis un singe ou un poissonsur la terre en toute saison moi je tourne en rond je tourne en rond Zazie
75%
La Bohème _____________, ________________, Ça voulait dire, on est heureux Charles Aznavour
74%
on s’attache Non pas contre l’amour, je serais même plutôt pour maisC’est pas pour autant qu’il faut qu’_______________, et qu’on s’empoisonne avec une flèche qui nous illusionne faut pas qu’_______________ Christophe maé
74%
Je m’en vais Quand tu diras que c’est ma faute, que je n’ai jamais su t’aimerAu diable toi et tes apôtres, hum, _________________________ Vianney
71%
Sensualité J'aimerais que ce momentFixe pour des tas d'années Ta ________________ Axelle red
71%
Aux champs-Elysées ____________________________, au soleil ou sous la pluieA midi ou a minuit il y a tout ce que vous voulez _____________________________ Joe Dassin
70%
Il avait les mots _____________________, m'a rendue accroJe voyais déjà l'avenir dans ses bras Sheryfa luna
70%
Un homme debout Si je m’endort me réveillerai-vous il fait si froid dehors le ressenter-vous, il fût un temps où j’étais comme vous, malgré toutes mes galères je reste ______________________ Claudio Capéo
70%
Je t’aime _________, _________ comme un fou, comme un soldat comme une star de cinéma Lara Fabian
69%
yeux de la mama Oh mon dieu laissez les moi, les beaux ___________________________,
Enlevez moi même tout le reste, mais pas la douceur de ces gestes
Kendji Girac
69%
Je te promets __________________________ le sel au baiser de ma bouche__________________________ le miel à ma main qui te touche Johnny hallyday
68%
La seine Elle sort de son lit, tellement sûre d’elle ________,________,________Tellement jolie, elle m’ensorcelle ________,_________,________ Vannessa Paradis et M
68%
J’t'emmène au vent Allez viens, __________________________Je t'emmène au dessus des gens Louise attaque
66%
Je ne suis pas un héros __________________________________Faut pas croire ce que disent les journaux Daniel balavoine
64%
Belle ______, c’est un mot qu’on dirait inventé pour elle Gims, Dadju, Slimane (reprise)
62%
Je te donne _________________, toutes mes différencesTous ces défauts qui sont autant de chances Jean-Jacques Goldman
62%
Ta marinière Et sur ______________, je cherche notre trait d’union tu l’as jeté à la mer pourdonner à bouffer aux poissons, ah nos poisons d’avril nous deux c’est pire que la mer à boire Hoshi
62%
Un autre monde Je rêvais d’_______________________________,Où la terre serait ronde Où la lune serait blonde Et le vie serait féconde Téléphone
62%
Au soleil _________, m’exposer un peu plus _________, quand le coeur n’y est plusBrûler ce que l’on adore et réchauffer son corps Jenifer
58%
Le temps est bon __________________________, le ciel est bleu Isabelle pierre/ Bon entendeur
58%
Ton invitation J’ai accepté par erreur _____________________, j’ai dû me gourer dans l’heureJ’ai du me planter dans la saison Louise attaque
57%
Le sud On dirait _________, le temps dure longtemps, et la vie sûrement Plus d’un million d’́années, et toujours en été Nino Ferrer
56%
Désenchantée Tout est chaos, a côté. Tout mes idéaux, des mots abîmésJe cherche une âme qui pourra m’aider je suis d’une génération ___________, ___________ Mylène Farmer
55%
Le temps des cathédrales Il est venu _____________________________________, le monde est entrerdans un nouveau millénaire Bruno pelletier
55%
Ma liberté de penser Puisqu’ici tout est négociable, mais vous n’aurez pas______________________________ Florent Pagny
55%
Foule sentimentale __________________________, on a soif d'idéalAttirés par les étoiles, les voiles Alain souchon
54%
les mots bleus Je lui dirais __________________, __________ qu’on dit avec les yeuxParler me semble ridicule Christophe
53%
Qui a le droit ____________________, d'faire ça à un enfantQui croit vraiment c'que disent les grands Patrick bruel
51%
Le Graal Comme Indie j’ai cherché ________ la jeunesse éternelleLe botox dans les veines. J’arrête de fumer et de boire chaque dimanche chaque semaine j’ai rechuté hier Kyo
50%
Paris-Seychelles Te sourire dehors à Angoulême, un chasse-spleen Melchior,
_____________________, Découvrir ton corps depuis la scène
Julien doré
50%
Mourir demain Si on devait ___________________, qu’est ce qu’on ferait de plus qu’est ce qu’on ferait de moins Pascal Obispo
42%
Ceux qu’on était J’aimerais garder le meilleur de _________________________, et je saisqu’ailleurs t’iras chercher un peu de ce que je ne t’ai pas donné Pierre garnier
39%
Fais pas ci, fais pas ça __________, _____________, viens ici, mets-toi làMange ta soupe, aller brosse toi les dents Touche pas ça, fait dodo, dis papa, dis maman Jacques dutronc
39%
La ballade des gens heureux Notre viellie terre est une étoile, Où toi aussi tu brille un peuJe viens te chanter __________, ___________________________ Gérard Lenorman
38%
Viens on s’aime Aller ___________________, on s’en fout, de leurs mots de la bienséance_____________________ et c’est tout on fera attention dans une autre vie Slimane
38%
Antisocial _________________, tu perd ton sang froidRepense a ces années de services Trust
35%
Tu trouveras _________________, mes blessures et mes faiblesses, celle que je n’avouequ’à demi mots _____________________, mes faux pas mes maladresses Natasha St Pier
26%
C’est beau la petite bourgeoisie ____________________________________, qui boit du champagneC’est pour tous les quotas Français que je parle plus anglais I ́m not crazy, i ́m just fond of you and all the piles of money that grows next to you Discobitch
24%
Aucun quiz correspondant
Distribution des résultats
% des personnes avec chaque résultat
Percentile par nombre de réponses
Votre historique - résultats
Vous n’avez pas pris ce quiz